Loading...
| Social Science | 0 | 2 | 1 | 0 | 15 | 108 | 114.50 | 0 | 1 |
| Religion | 1 | 0 | 0 | 0 | 15 | 70 | 70.00 | 0 | 1 |
| Modern World | 0 | 1 | 0 | 1 | 10 | 147 | 147.00 | 0 | 0 |
| History - European History | 1 | 0 | 1 | 0 | 10 | 62 | 62.00 | 0 | 1 |
| Literature - World Literature | 0 | 1 | 0 | 0 | 10 | 158 | 158.00 | 0 | 0 |
| Fine Arts - Other Arts | 0 | 1 | 0 | 0 | 10 | 154 | 154.00 | 0 | 1 |
| Mythology | 0 | 1 | 0 | 1 | 10 | 156 | 156.00 | 0 | 0 |
| Other Culture | 0 | 1 | 0 | 0 | 10 | 107 | 107.00 | 0 | 1 |
| Other Science (Computer Science) | 0 | 1 | 0 | 0 | 10 | 82 | 82.00 | 0 | 0 |
| Science - Physics | 0 | 1 | 0 | 1 | 10 | 152 | 152.00 | 0 | 0 |
| History - American History | 0 | 1 | 1 | 1 | 5 | 140 | 140.00 | 0 | 0 |
| History - Other History | 0 | 1 | 2 | 1 | 0 | 152 | 152.00 | 0 | 0 |
| Science - Biology | 0 | 0 | 0 | 0 | 0 | 0.00 | 0 | 0 | |
| Literature - American Literature | 0 | 0 | 0 | 0 | 0 | 0.00 | 0 | 0 | |
| Science - Chemistry | 0 | 0 | 0 | 0 | 0 | 0.00 | 0 | 0 | |
| Literature - British Literature | 0 | 0 | 1 | 0 | -5 | 0.00 | 0 | 0 | |
| History - World History | 0 | 1 | 3 | 1 | -5 | 138 | 138.00 | 0 | 0 |